| 000 | 00470nam a2200181Ia 4500 | ||
|---|---|---|---|
| 008 | 131103s9999 xx 000 0 und d | ||
| 040 | _aLoreto College | ||
| 041 | _aEnglish | ||
| 082 |
_a891.433/SAN _bLCLIB/14995 |
||
| 100 | _aSankritayan,R. | ||
| 245 |
_aJay Yandhay _cR.Sankritayan |
||
| 260 |
_aAllhabad _bKitab Mahal _c1950 |
||
| 300 |
_a348 p. _c 18 cm. |
||
| 650 | _aHindi Fiction | ||
| 651 | _aHistorical Fiction - Hindi | ||
| 850 | _aLCLIB | ||
| 942 | _cBK | ||
| 999 |
_c17957 _d68436 |
||